Địa chất công trình
Sách trình bày khái niệm địa chất, nội dung, phương pháp nghiên cứu địa chất. Những kiến thức về đất đá, cấu tạo, kiến trúc, các tính chất cơ học, vật lý của đất đá.
Gardado en:
| Formato: | Libro |
|---|---|
| Idioma: | Undetermined |
| Publicado: |
Hà Nôi
Xây dựng
2004
|
| Những chủ đề: | |
| Các nhãn: |
Engadir etiqueta
Sen Etiquetas, Sexa o primeiro en etiquetar este rexistro!
|
| Thư viện lưu trữ: | Trung tâm Học liệu Trường Đại học Cần Thơ |
|---|
| LEADER | 00817nam a2200193Ia 4500 | ||
|---|---|---|---|
| 001 | CTU_143766 | ||
| 008 | 210402s9999 xx 000 0 und d | ||
| 020 | |c 60000 | ||
| 082 | |a 624.151 | ||
| 082 | |b Đ301 | ||
| 245 | 0 | |a Địa chất công trình | |
| 245 | 0 | |c Nguyễn Uyên...[et al.] | |
| 260 | |a Hà Nôi | ||
| 260 | |b Xây dựng | ||
| 260 | |c 2004 | ||
| 520 | |a Sách trình bày khái niệm địa chất, nội dung, phương pháp nghiên cứu địa chất. Những kiến thức về đất đá, cấu tạo, kiến trúc, các tính chất cơ học, vật lý của đất đá. | ||
| 650 | |a Engineering geology,Soil mechanics,Địa chất công trình | ||
| 904 | |i Năm | ||
| 980 | |a Trung tâm Học liệu Trường Đại học Cần Thơ | ||